| Поле | Инд. | ПП | Название | Значение |
|---|---|---|---|---|
| Тип записи | a | |||
| Библиографический уровень | m | |||
| 001 | Контрольный номер | e532f564-e635-4578-85b8-07a1ef6f7dcf | ||
| 005 | Дата корректировки | 20131112070522.3 | ||
| 008 | Кодируемые данные | 001118 d | ||
| 020 | a | ISBN | 5-900975-22-3 | |
| c | Цена, тираж | 38.00 | ||
| 020 | a | ISBN | 3-540-15299-7 | |
| 020 | a | ISBN | 0-387-15299-7 | |
| 040 | a | Служба первич. каталог. | НБ ТвГУ | |
| 041 | a | Код языка текста | rus | |
| 080 | a | Индекс УДК | 510.5 | |
| 084 | a | Индекс другой классификации/Индекс ББК | В127 | |
| 090 | x | Авторский знак | С54 | |
| a | Полочн. индекс | В127 | ||
| 100 | 1_ | a | Автор | Соар Роберт И. |
| 242 | y | Код языка перевода | eng | |
| 245 | 10 | a | Заглавие | Вычислимо перечислимые множества и степени |
| b | Продолж. заглавия | Изуч. вычислимых функций и вычислимо перечислимых множеств : Пер. с англ. | ||
| c | Ответственность | Под ред. М. М. Арсланова | ||
| 260 | 0_ | a | Место издания | Казань |
| b | Издательство | Казан. мат. о-во | ||
| c | Дата издания | 2000 | ||
| 300 | a | Объем | 576 с. | |
| 504 | a | Библиография | Библиогр.: с.510-548. - Предм. указ.: с.562-576. | |
| 583 | a | Действие | Получение впервые 355 02.11.2000 | |
| k | Исполнитель действия | Дар РГГУ | ||
| 650 | a | Основная рубрика | Множеств теория | |
| 650 | a | Основная рубрика | Функции вычислимые | |
| 653 | a | Ключевые слова | Множества | |
| a | Ключевые слова | Рекурсивно перечислимые степени | ||
| a | Ключевые слова | Теория вычислимости | ||
| a | Ключевые слова | Вычислимо перечислимые степени | ||
| a | Ключевые слова | Степени | ||
| a | Ключевые слова | Рекурсивные функции | ||
| a | Ключевые слова | Вычислимые функции | ||
| a | Ключевые слова | Функции | ||
| a | Ключевые слова | Рекурсивно перечислимые множества | ||
| a | Ключевые слова | Вычислимо перечислимые множетва | ||
| 700 | 1_ | a | Другие авторы | Арсланов М. М. |
| e | Роль лиц | ред. пер. | ||
| 852 | t | Порядковый номер экземпляра | 1 | |
| p | Инвентарный номер | 727739 | ||
| 863 | t | 00030113 | ||
| 888 | a | Бесплатные | ||
| 952 | p | 355.2000 38.00 1 727739 | ||
| c | Вид литературы | К ру | ||
| 954 | a | Дата поступления на обработку | 20001113 | |
| 999 | a | Подразделение 2 | Фил3 |